000 00321nam a22001457a 4500
008 210312b ||||| |||| 00| 0 eng d
020 _a0673496910
041 _aeng
080 _24th
_a37
082 _24th
_a37
100 _a25
101 _aEDU
245 _aThe Little, Brown Handbook
_cFowler,R.H
942 _2udc
_cBK
999 _c56486
_d56486